000 00529nam a22001937a 4500
005 20220203121905.0
008 220203b ||||| |||| 00| 0 eng d
020 _a9789391661083
040 _aIN-DiNC
_cIN-DiNC
041 _deng
082 _a001.42/MAD
100 _aMadhukullya Samikshya
_eauthor
245 _aApproach to research methodology
_cby Samikshya Madhukullya
250 _a1st ed.
260 _aMeerut
_bBalaji publications
_c2021
300 _a428p.
700 _aPranjit Hazarika
_eauthor
942 _2ddc
_cBK
999 _c11265
_d11265